| 000 | 00745cam a22002413a 4500 | ||
|---|---|---|---|
| 001 | 22222 | ||
| 003 | PGUSA | ||
| 005 | 20140828083455.0 | ||
| 008 | 070802s2007||||xxu|||||s|||||000 | eng d | ||
| 040 |
_aPGUSA _beng |
||
| 042 | _adc | ||
| 050 | 4 | _aPE | |
| 100 | 1 | _aCrowther, Mary Owens | |
| 245 | 1 | 0 |
_aHow to Write Letters (Formerly The Book of Letters) : _bA Complete Guide to Correct Business and Personal Correspondence _h[electronic resource] / _cMary Owens Crowther |
| 260 |
_bProject Gutenberg, _c2007 |
||
| 506 | _aPublic domain in the USA. | ||
| 516 | _aElectronic text | ||
| 653 | _aLetter writing | ||
| 653 | _aEtiquette | ||
| 830 | 0 |
_aProject Gutenberg _v22222 |
|
| 856 | 4 | 0 | _uhttp://www.gutenberg.org/ebooks/22222 |
| 942 | _cEB | ||
| 999 |
_c251477 _d251477 |
||